000 00741nam a22002057a 4500
003 OSt
005 20250826022126.0
008 250826b |||||||| |||| 00| 0 eng d
020 _a9780838912140
040 _cOC
082 _aRes. 346.7304 B985c 2014
100 _aBURLER, REBECCA P.
245 _aCopyright for academic librarians and professionals /
_cBURLER, REBECCA P.
260 _aChicago :
_bALA editions, an imprint of the American Library Association,
_cc2014.
300 _axvii, 278 pages :
_billustrations ;
_c25 cm.
504 _aIncludes bibliographical references
650 _2Academic librarians--United States--Handbooks, manuals, etc.
650 _2Copyright--United States.
942 _2ddc
_cBK-0 CIRC
_kRes.
_n0
999 _c4232
_d4232